000 00332nam a2200121Ia 4500
008 250110s9999 xx 000 0 und d
041 _aeng
100 _aDeshpande Aastha
_9182555
245 _aArtisan's Village In New Bombay
260 _bFinal Year B. Arch, BNCA
_c2014
300 _a67p
700 _aGuide Name:Raje Rajiv
_9210228
999 _c363420
_d363420